| 000 | 00881cam a2200205 4500 | ||
|---|---|---|---|
| 001 | WB3706-04 | ||
| 008 | 000000n2001 000 0 eng u | ||
| 035 | _a(Sirsi) u110827 | ||
| 245 | _aSpace probe | ||
| 260 | _c2001 | ||
| 490 |
_aGuardian _v7 February 2001, 8(2) |
||
| 520 | _aAs part of a government initiative to improve the quality of urban design, a new report, "The value of urban design", attempts to measure the advantages of good building design by assessing recent buildings in three major cities. Looks at the commercial developments used in the study and explains the social, economic and environmental measures used to make the judgements. | ||
| 590 | _aWB | ||
| 650 | _aARCHITECTURAL VALUE | ||
| 650 | _aURBAN DESIGN | ||
| 650 | _aBUILT ENVIRONMENT | ||
| 650 | _aCOMMERCIAL DEVELOPMENTS | ||
| 690 | _aBUILT ENVIRONMENT-CONSTRUCTION DESIGN | ||
| 942 | _n0 | ||
| 999 |
_c66071 _d66071 |
||